Methods of teaching Chemistry (Record no. 1571)

MARC details
000 -LEADER
fixed length control field 00406nam a2200157Ia 4500
008 - FIXED-LENGTH DATA ELEMENTS--GENERAL INFORMATION
fixed length control field 130318s9999 xx 000 0 und d
020 ## - INTERNATIONAL STANDARD BOOK NUMBER
International Standard Book Number 8171419135
082 ## - DEWEY DECIMAL CLASSIFICATION NUMBER
Classification number 540.7 KUM/M
100 ## - MAIN ENTRY--PERSONAL NAME
Personal name Kumar, K.S
245 ## - TITLE STATEMENT
Title Methods of teaching Chemistry
260 ## - PUBLICATION, DISTRIBUTION, ETC.
Name of publisher, distributor, etc. Discovery Publishing
Place of publication, distribution, etc. New Delhi
Date of publication, distribution, etc. 2004
300 ## - PHYSICAL DESCRIPTION
Extent 339
650 ## - SUBJECT ADDED ENTRY--TOPICAL TERM
Topical term or geographic name entry element CHEMISTRY
700 ## - ADDED ENTRY--PERSONAL NAME
Personal name Krishna, K Rama
700 ## - ADDED ENTRY--PERSONAL NAME
Personal name Rao, Digumarti Bhaskara
Holdings
Withdrawn status Lost status Damaged status Not for loan Collection code Home library Current library Shelving location Date acquired Total Checkouts Full call number Barcode Date last seen Price effective from Koha item type
        Chemistry Kerala University of Digital Sciences, Innovation and Technology Knowledge Centre Kerala University of Digital Sciences, Innovation and Technology Knowledge Centre Chemistry 18/03/2013   540.7 KUM/M 1581 18/03/2013 18/03/2013 Books